000 00535nam a2200157 a 4500
008 120416s1976 ||||||||||||||||| || u
020 _a0822933144
050 _aHB 72 Ros
100 _aRosenberg, Alexander
245 1 0 _aMicroeconomics laws
246 _aa philosophical analysis
260 _aPittsburgh
_bThe University Press
_c1976
300 _axiii, 236p.
350 _a0.00
995 _D0.00
_FCBU-MAIN LIBRARY (Kitwe)
_H1
_I0.00
_UAVAILABLE
_ZAnnex Low-Usage Collection
999 _c51123
_d51123